00610nam a2200193Ia 4500008004100000020001600041082001900057100002300076245007900099250000600178260002900184300001000213500002400223650002400247700002200271942000700293952009900300999001700399230524s9999 xx 000 0 und d a9.78801E+13 a629.40954bKAL aA.P.J. Abdul Kalam 4aThe Scientific INDIAN a Twenty-First Century Guide to the World Around us  a1 aNew Delhibpenguinc2020 a222p; aQuantity Number: 1 aMiscellaneous91877 aY.S. Rajan941790 cBK 00104070aTATCLbTATCLcGENd2023-05-24l0o629.40954 KALp60752r2023-05-24w2023-05-24yBK c60752d60752